|
|
|
|
| LEADER |
00000nab a2200000ua 4500 |
| 001 |
vtls010824412 |
| 003 |
SK-MaSNL |
| 005 |
20260303153453.0 |
| 008 |
230222s2006 xo |||||||||||||||||slo| |
| 035 |
|
|
|a (urnnbn)urn:nbn:sk:snk:ar-a065d2
|
| 035 |
|
|
|a urn:nbn:sk:snk-ab5qxu
|
| 035 |
|
|
|a (uuid)c18bac00-eadd-426d-ac53-ff831122323c
|
| 040 |
|
|
|a SNKBUCL
|b slo
|c SNKBUCL
|e AACR2
|
| 041 |
0 |
|
|a slo
|
| 044 |
|
|
|a xo
|c SK
|
| 100 |
1 |
|
|a Bošmanský, Karol,
|d 1927-2016
|4 aut
|9 119482
|
| 245 |
1 |
0 |
|a NIEKTORÉ ETICKÉ ASPEKTY BOLESTI
|c Karol Bošmanský, Rudolf Pullmann
|
| 700 |
1 |
|
|a Pullmann, Rudolf,
|d 1937-
|4 aut
|9 119385
|
| 773 |
0 |
|
|t Via practica : moderný časopis pre lekárov prvého kontaktu
|g Roč. 3, č. 1 (2006), s. 46-47
|
| 954 |
|
|
|a odborná, vedecká literatúra pôvodná (slovenská)
|2 lita
|
| 958 |
|
|
|a OND
|
| 958 |
|
|
|a EUIPO
|
| 958 |
|
|
|a article5
|
| 999 |
|
|
|c 2028613
|d 2030543
|